Anuario de la Academia de Genealogía y Heráldica Mota Padilla : 1953-1954 /

Publicación anual que incluye los trabajos realizados por los integrantes de la Academia de Genealogía y Heráldica Mota Padilla.

Guardat en:
Dades bibliogràfiques
Format: Llibre
Idioma:espanyol
Matèries:
Etiquetes: Afegir etiqueta
Sense etiquetes, Sigues el primer a etiquetar aquest registre!

MARC

LEADER 00000nam^a2200000^a^4500
001 000136183
005 20250521000000.0
009 20260310095308.534
037 |a Acervo ITESO - Biblioteca 
041 |a ESP 
082 |a 929. 05  |b ANU 1953-1954 
240 1 1 |a [Anuario de la Academia de Genealogía y Heráldica Mota Padilla] 
245 0 0 |a Anuario de la Academia de Genealogía y Heráldica Mota Padilla :  |b 1953-1954 / 
264 |a Guadalajara, México :  |b Academia de Genealogía y Heráldica Mota Padilla,  |c 1955 
300 |a 171 p. 
336 |a texto  |b txt  |2 rdacontenido 
337 |a sin mediación  |b n  |2 rdamedio 
338 |a volumen  |b nc  |2 rdasoporte 
520 |a Publicación anual que incluye los trabajos realizados por los integrantes de la Academia de Genealogía y Heráldica Mota Padilla. 
649 |a XX 
650 |a Genealogía -  |x Publicaciones Periódicas Jaliscienses 
650 |a Genealogía -  |x Publicaciones Periódicas Mexicanas 
650 |a Títulos Honoríficos y de Nobleza -  |z México -  |x Historia 
650 |a Títulos Honoríficos y de Nobleza -  |z México -  |x Aspectos Jurídicos 
650 |a Familia -  |z América -  |x Historia 
650 |a Genealogía -  |z América 
650 |a Familia -  |z México -  |x Historia 
650 |a Genealogía -  |z México 
650 |a Etimologías 
650 |a Heráldica 
650 |a Publicaciones Periódicas Jaliscienses 
650 |a Publicaciones Periódicas Mexicanas 
910 |a Fondo Salvador Reynoso Reynoso 
920 |a Impresos - Libros 
930 |a Fondos Especiales 
905 |a 112 
901 |a 0800013500  |b IT2  |c ESP  |u 20250521 
902 |a https://opac.biblio.iteso.mx/vufind/Record/000136183